000 00662nam a2200205Ii 4500
003 JO-AjNU
008 230605s9999||||xx |||||||||||||| ||und||
017 _a2306
040 _aJO-AjNU
_bara
_erda
_cJO-AjNU
041 _aara
050 1 4 _aLA1646.M85.1974
100 3 _aمرسي، محمد منير,
_eauthor
_936301
245 0 0 _aإدارة وتنظيم التعليم العام
264 3 1 _aالقاهرة:عالم الكتب،1974
300 _a231ص
_bملحق:ص(221-223)
336 _atext
_btxt
_2rdacontent
337 _aunmediated
_bn
_2rdamedia
338 _avolume
_bnc
_2rdacarrier
650 4 _aدولة وتربية وتعليم-مصر
_936302
999 _aA15069
_c18637
_d18637